000 00626nam a2200241Ia 4500
003 OSt
005 20220918174957.0
006 a|||||r|||| 00| 0
007 ta
008 220917b |||||||| |||| 00| 0 eng d
024 _a14,967
037 _cTextual
040 _aARTS
_cARTS
_beng
041 _2eng
_aeng
082 _aNB56,3.N7, K5
100 _aHoward Ebenezer
_952370
245 0 _aGarden cities of tomorrow
260 _aMassachusetts
_bMIT Press
_c1965
300 _a168p. illus
_ccm.
650 _aARTS
942 _hNB56,3.N7, K5
_cTEXL
_2CC
999 _c155427
_d155427